书目信息 |
| 题名: |
蔡仪美学论文选
|
|
| 作者: | 蔡仪 著 | |
| 分册: | ||
| 出版信息: | 长沙 湖南人民出版社 1982.09 |
|
| 页数: | 377页 | |
| 开本: | 20cm | |
| 丛书名: | ||
| 单 册: | ||
| 中图分类: | B83-53 | |
| 科图分类: | ||
| 主题词: | 美学--文集 | |
| 电子资源: | ||
| ISBN: | ||
| 000 | 00494nam0 2200193 45 | |
| 001 | 0181024708 | |
| 005 | 20060424095425.32 | |
| 010 | @dCNY1.45 | |
| 091 | @a2109.37 | |
| 100 | @a20810111d km y0chiy0120 ea | |
| 101 | 0 | @achi |
| 200 | 1 | @a蔡仪美学论文选@ACAI YI MEI XUE LUN WEN XUAN@f蔡仪著@FCai Yi Zhu |
| 210 | @a长沙@c湖南人民出版社@d1982.09 | |
| 215 | @a377页@d20cm | |
| 606 | 0 | @a美学@x文集 |
| 690 | @aB83-53@v3 | |
| 701 | 0 | @a蔡仪@4著 |
| 801 | @aCN@bTSTC@c20060424 | |
| 905 | @dB83-53@e23 | |
| 蔡仪美学论文选/蔡仪著.-长沙:湖南人民出版社,1982.09 |
| 377页;20cm |
| ISBN :CNY1.45 |
| ● |
| 相关链接 |
|
|
|
|
正题名:蔡仪美学论文选
索取号:B83-53/23
 
预约/预借
| 序号 | 登录号 | 条形码 | 馆藏地/架位号 | 状态 | 备注 |
| 1 | 0086168 | 202282010 | 密集书库/ [索取号:B83-53/23] | 在馆 | |
| 2 | 0086169 | 000512403 | 密集书库/ [索取号:B83-53/23] | 在馆 | |
| 3 | 0086170 | 001661277 | 密集书库/ [索取号:B83-53/23] | 在馆 | |
| 4 | 0109198 | 000489590 | 密集书库/ [索取号:B83-53/23] | 在馆 | |
| 5 | 0109199 | 001721621 | 密集书库/ [索取号:B83-53/23] | 在馆 | |
| 6 | 0109200 | 001721578 | 密集书库/ [索取号:B83-53/23] | 在馆 | |
| 7 | 0115109 | 000206814 | 密集书库/ [索取号:B83-53/23] | 在馆 | |
| 8 | 0115110 | 000489581 | 密集书库/ [索取号:B83-53/23] | 在馆 | |
| 9 | 0115111 | 000512421 | 密集书库/ [索取号:B83-53/23] | 在馆 | |
| 10 | 0167822 | 001851847 | 密集书库/ [索取号:B83-53/23] | 在馆 | |
| 11 | 0167823 | 000512396 | 密集书库/ [索取号:B83-53/23] | 在馆 | |
| 12 | 0167824 | 001851856 | 密集书库/ [索取号:B83-53/23] | 在馆 | |
| 13 | 0167825 | 001851838 | 密集书库/ [索取号:B83-53/23] | 在馆 | |
| 14 | 0167826 | 001982377 | 密集书库/ [索取号:B83-53/23] | 在馆 |